Design Driven Testing : Test Smarter, Not Harder /

The groundbreaking book Design Driven Testing brings sanity back to the software development process by flipping around the concept of Test Driven Development (TDD)-restoring the concept of using testing to verify a design instead of pretending that unit tests are a replacement for design. Anyone wh...

Full description

Bibliographic Details
Main Authors: Stephens, Matt (Author), Rosenberg, Doug (Author)
Corporate Author: Safari, an O'Reilly Media Company
Format: eBook
Language:English
Published: Apress, 2010.
Edition:1st edition.
Subjects:
Online Access:Connect to this electronic resource

MARC

Tag First Indicator Second Indicator Subfields
LEADER 00000uam a2200000 a 4500
001 in00004100284
005 20260122220058.9
006 m o d
007 cr cn
008 100513s2010 xx o eng
020 |z 9781430229438 
020 |z 1430229438 
035 |a (CaSebORM)9781430229438 
040 |d UtOrBLW 
041 0 |a eng 
100 1 |a Stephens, Matt,  |e author.  |0 http://id.loc.gov/authorities/names/no2004014204 
245 1 0 |a Design Driven Testing :  |b Test Smarter, Not Harder /  |c Stephens, Matt. 
250 |a 1st edition. 
264 1 |b Apress,  |c 2010. 
300 |a 1 online resource (362 pages) 
336 |a text  |b txt  |2 rdacontent 
337 |a computer  |b c  |2 rdamedia 
338 |a online resource  |b cr  |2 rdacarrier 
347 |a text file 
520 |a The groundbreaking book Design Driven Testing brings sanity back to the software development process by flipping around the concept of Test Driven Development (TDD)-restoring the concept of using testing to verify a design instead of pretending that unit tests are a replacement for design. Anyone who feels that TDD is "Too Damn Difficult" will appreciate this book. Design Driven Testing shows that, by combining a forward-thinking development process with cutting-edge automation, testing can be a finely targeted, business-driven, rewarding effort. In other words, you'll learn how to test smarter, not harder. Applies a feedback-driven approach to each stage of the project lifecycle. Illustrates a lightweight and effective approach using a core subset of UML. Follows a real-life example project using Java and Flex/ActionScript. Presents bonus chapters for advanced DDTers covering unit-test antipatterns (and their opposite, "test-conscious" design patterns), and showing how to create your own test transformation templates in Enterprise Architect. 
533 |a Electronic reproduction.  |b Boston, MA :  |c Safari,  |n Available via World Wide Web.  |d 2010. 
538 |a Mode of access: World Wide Web. 
542 |f Copyright © Apress  |g 2010 
588 |a Online resource; Title from title page (viewed September 15, 2010) 
500 |a Electronic resource. 
655 7 |a Electronic books.  |2 local 
700 1 |a Rosenberg, Doug,  |e author.  |0 http://id.loc.gov/authorities/names/n99001551 
710 2 |a Safari, an O'Reilly Media Company. 
856 4 0 |u https://proxy.library.tamu.edu/login?url=https://go.oreilly.com/TAMU/library/view/-/9781430229438/?ar  |z Connect to this electronic resource  |t 0 
999 f f |s 00420814-93a1-339e-ab5e-2307cddbe59b  |i 3839b000-bf2e-34f4-9caa-e4ecd997a53a  |t 0 
952 f f |a Texas A&M University  |b College Station  |c Electronic Resources  |s www_evans  |d Available Online  |t 0  |h No information provided 
998 f f |t 0  |l Available Online